<?xml version="1.0" encoding="UTF-8"?>
<record
    xmlns:xsi="http://www.w3.org/2001/XMLSchema-instance"
    xsi:schemaLocation="http://www.loc.gov/MARC21/slim http://www.loc.gov/standards/marcxml/schema/MARC21slim.xsd"
    xmlns="http://www.loc.gov/MARC21/slim">

  <leader>01215nam0a22002891  4500</leader>
  <controlfield tag="001">rc\941411</controlfield>
  <controlfield tag="005">20250622051643.0</controlfield>
  <datafield tag="035" ind1=" " ind2=" ">
    <subfield code="a">(NLR Aleph) 006113896</subfield>
  </datafield>
  <datafield tag="090" ind1=" " ind2=" ">
    <subfield code="a">5388530</subfield>
    <subfield code="c">5388530</subfield>
  </datafield>
  <datafield tag="100" ind1=" " ind2=" ">
    <subfield code="a">20041129d1982    |||y0rusy50      ca</subfield>
  </datafield>
  <datafield tag="101" ind1="0" ind2=" ">
    <subfield code="a">rus</subfield>
  </datafield>
  <datafield tag="102" ind1=" " ind2=" ">
    <subfield code="a">RU</subfield>
  </datafield>
  <datafield tag="105" ind1=" " ind2=" ">
    <subfield code="a">a   |||||||||</subfield>
  </datafield>
  <datafield tag="200" ind1="1" ind2=" ">
    <subfield code="a">&#x41E;&#x43F;&#x430;&#x441;&#x43D;&#x43E;&#x441;&#x442;&#x438; &#x43D;&#x430;&#x440;&#x443;&#x448;&#x435;&#x43D;&#x438;&#x44F; &#x43A;&#x440;&#x43E;&#x432;&#x43E;&#x43E;&#x431;&#x440;&#x430;&#x449;&#x435;&#x43D;&#x438;&#x44F; &#x432; &#x43F;&#x435;&#x447;&#x435;&#x43D;&#x438; &#x43F;&#x43E;&#x441;&#x43B;&#x435; &#x435;&#x435; &#x444;&#x438;&#x441;&#x441;&#x443;&#x440;&#x430;&#x43B;&#x44C;&#x43D;&#x43E;&#x439; &#x440;&#x435;&#x437;&#x435;&#x43A;&#x446;&#x438;&#x438;</subfield>
    <subfield code="d">Risk of defecting hepatic circulation following fissural resection</subfield>
    <subfield code="e">(&#x422;&#x43E;&#x43F;&#x43E;&#x433;&#x440;.-&#x430;&#x43D;&#x430;&#x442;&#x43E;&#x43C;. &#x438; &#x44D;&#x43A;&#x441;&#x43F;&#x435;&#x440;&#x438;&#x43C;. &#x438;&#x441;&#x441;&#x43B;&#x435;&#x434;.)</subfield>
  </datafield>
  <datafield tag="210" ind1=" " ind2=" ">
    <subfield code="a">&#x422;&#x431;&#x438;&#x43B;&#x438;&#x441;&#x438;</subfield>
    <subfield code="c">&#x41C;&#x435;&#x446;&#x43D;&#x438;&#x435;&#x440;&#x435;&#x431;&#x430;</subfield>
    <subfield code="d">1982</subfield>
  </datafield>
  <datafield tag="215" ind1=" " ind2=" ">
    <subfield code="a">88 &#x441;., 8 &#x43B;. &#x438;&#x43B;.</subfield>
    <subfield code="d">21</subfield>
  </datafield>
  <datafield tag="300" ind1=" " ind2=" ">
    <subfield code="a">&#x417;&#x430;&#x433;&#x43B;. &#x442;&#x430;&#x43A;&#x436;&#x435;: &#x433;&#x440;&#x443;&#x437;.</subfield>
  </datafield>
  <datafield tag="300" ind1=" " ind2=" ">
    <subfield code="a">&#x412; &#x43D;&#x430;&#x434;&#x437;&#x430;&#x433;.: &#x410;&#x41D; &#x413;&#x421;&#x421;&#x420;, &#x418;&#x43D;-&#x442; &#x44D;&#x43A;&#x441;&#x43F;&#x435;&#x440;&#x438;&#x43C;. &#x43C;&#x43E;&#x440;&#x444;&#x43E;&#x43B;&#x43E;&#x433;&#x438;&#x438; &#x438;&#x43C;. &#x410;.&#x41D;. &#x41D;&#x430;&#x442;&#x438;&#x448;&#x432;&#x438;&#x43B;&#x438;</subfield>
  </datafield>
  <datafield tag="300" ind1=" " ind2=" ">
    <subfield code="a">&#x420;&#x435;&#x437;.: &#x430;&#x43D;&#x433;&#x43B;.</subfield>
  </datafield>
  <datafield tag="320" ind1=" " ind2=" ">
    <subfield code="a">&#x411;&#x438;&#x431;&#x43B;&#x438;&#x43E;&#x433;&#x440;.: &#x441;. 76-87</subfield>
  </datafield>
  <datafield tag="510" ind1="0" ind2=" ">
    <subfield code="a">Risk of defecting hepatic circulation following fissural resection</subfield>
  </datafield>
  <datafield tag="700" ind1=" " ind2="1">
    <subfield code="a">&#x418;&#x437;&#x440;&#x430;&#x435;&#x43B;&#x430;&#x448;&#x432;&#x438;&#x43B;&#x438;</subfield>
    <subfield code="b">&#x41C;.&#x428;.</subfield>
    <subfield code="g">&#x41C;&#x435;&#x440;&#x430;&#x431; &#x428;&#x43E;&#x442;&#x430;&#x435;&#x432;&#x438;&#x447;</subfield>
  </datafield>
  <datafield tag="801" ind1=" " ind2="0">
    <subfield code="a">RU</subfield>
    <subfield code="b">NLR</subfield>
    <subfield code="g">psbo</subfield>
  </datafield>
  <datafield tag="801" ind1=" " ind2="1">
    <subfield code="a">RU</subfield>
    <subfield code="b">ELAR</subfield>
    <subfield code="2">rusmarc</subfield>
  </datafield>
  <datafield tag="852" ind1=" " ind2=" ">
    <subfield code="a">NLR</subfield>
    <subfield code="j">82-6/6907</subfield>
  </datafield>
  <datafield tag="942" ind1=" " ind2=" ">
    <subfield code="c">BOOK</subfield>
  </datafield>
  <datafield tag="980" ind1=" " ind2=" ">
    <subfield code="a">NB</subfield>
  </datafield>
  <datafield tag="995" ind1=" " ind2=" ">
    <subfield code="5">2013-10-26</subfield>
    <subfield code="b">NLR01</subfield>
    <subfield code="c">NLR01</subfield>
    <subfield code="e">RF9</subfield>
    <subfield code="f">6113896-10</subfield>
    <subfield code="k">82-6/6907</subfield>
    <subfield code="o">0</subfield>
    <subfield code="r">BOOK</subfield>
    <subfield code="s">8266907_</subfield>
  </datafield>
</record>
